Armed to the teeth! Quiz Stats

 Plays Quiz not verified by Sporcle

Also try: XYZ Countries
Challenge
Share
Tweet
Embed
Score 0/20 Timer 04:00
0 Plays Today
Weapons per 1 million people Country % Correct
769,640North Korea
76.3%
2,546,600Israel
75.5%
645,292Syria
65.5%
490,068Lebanon
61.2%
496,354Jordan
60.4%
614,124United Arab Emirates
51.1%
837,496Libya
50.4%
400,903Qatar
43.9%
514,436 Greece
36.7%
842,601Bahrain
36%
Weapons per 1 million people Country % Correct
885,746Cyprus
28.1%
365,341Singapore
24.5%
342,438Bosnia and Herzegovina
22.3%
432,702Finland
21.6%
483,698Mongolia
21.6%
423,520Albania
20.9%
558,835Belarus
17.3%
649,396Bulgaria
14.4%
406,099 Turkmenistan
14.4%
1,043,040Dominica
8.6%

You're not logged in!

Compare scores with friends on all Sporcle quizzes.
Join for Free
OR
Log In

You Might Also Like...

Show Comments

Extras

Created Nov 15, 2010SourceReportFavoriteNominate
Tags:weapons

Top Quizzes Today


Score Distribution

Your Account Isn't Verified!

In order to create a playlist on Sporcle, you need to verify the email address you used during registration. Go to your Sporcle Settings to finish the process.

Report this User

Report this user for behavior that violates our Community Guidelines.

Details: